[Event "34th Chess Olympiad (women)"]
[Site "Istanbul"]
[Date "2000.11.02"]
[Round "6.1.3"]
[White "Khurtsidze, Nino"]
[Black "Xu, Yuhua"]
[WhiteElo "2481"]
[BlackElo "2505"]
[WhiteCountry "GEO"]
[BlackCountry "CHN"]
[Result "1/2-1/2"]

1. d4 Nf6 2. c4 e6 3. Nc3 Bb4 4. e3 O-O 5. Bd3 d5 6. cxd5 exd5 7. Ne2 Re8 
8. O-O c6 9. f3 Na6 10. Qe1 Nc7 11. Qh4 Be7 12. g4 h6 13. Qf2 Ne6 14. Ng3 Bf8 
15. Bd2 b6 16. Rad1 c5 17. Kg2 Bd7 18. Nce2 Bc6 19. h4 Qd7 20. Rh1 Bb5 
21. Bf5 g6 22. Bb1 Bxe2 23. Nxe2 
1/2-1/2

[Event "34th Chess Olympiad (women)"]
[Site "Istanbul"]
[Date "2000.11.02"]
[Round "6.2.2"]
[White "Makropoulou, Marina"]
[Black "Lanchava, Tea"]
[WhiteElo "2284"]
[BlackElo "2000"]
[WhiteCountry "GRE"]
[BlackCountry "NED"]
[Result "1/2-1/2"]

1. e4 g6 2. d4 Bg7 3. c3 d6 4. Bg5 Nf6 5. Nd2 O-O 6. Ngf3 Nc6 7. Qc2 e5 
8. dxe5 Nxe5 9. Nxe5 dxe5 10. O-O-O c6 11. Be2 Be6 12. Nb3 Qe7 13. h4 a5 
14. Kb1 b5 15. Nd2 h6 16. Be3 Ng4 17. Bxg4 Bxg4 18. f3 Be6 19. Nb3 Bxb3 
20. Qxb3 Rfd8 21. h5 a4 22. Qc2 g5 23. Bb6 Rdb8 24. Be3 Bf8 25. Rd3 b4 
26. cxb4 Qxb4 27. Rhd1 Qb5 
1/2-1/2

[Event "34th Chess Olympiad (women)"]
[Site "Istanbul"]
[Date "2000.11.02"]
[Round "6.2.3"]
[White "Jap, Tjoen San Linda"]
[Black "Fakhiridou, Ekaterini"]
[WhiteElo "2210"]
[BlackElo "2277"]
[WhiteCountry "NED"]
[BlackCountry "GRE"]
[Result "1/2-1/2"]

1. e4 c5 2. Nf3 Nc6 3. d4 cxd4 4. Nxd4 Qc7 5. Nc3 e6 6. Be2 a6 7. O-O Nf6 
8. Kh1 Nxd4 9. Qxd4 Bc5 10. Qd3 b5 11. f4 Bb7 12. Bf3 h5 13. e5 Ng4 
14. Bxb7 Qxb7 15. Ne4 Be7 16. a4 b4 17. Bd2 Rc8 18. c3 b3 19. Be3 h4 20. Bd4 h3 
21. gxh3 Nh6 22. Qf3 Qc6 23. Ng3 g6 24. Qxc6 Rxc6 25. Kg2 O-O 26. Rfd1 f6 
27. exf6 Bxf6 28. Ra3 Rc4 29. Bxf6 Rxf6 30. Rxd7 Rcxf4 31. Rd2 Nf5 
32. Nxf5 gxf5 33. Rf2 Rc4 34. Rxb3 Rxa4 35. Rb6 Rg6+ 36. Kf3 Kf7 37. Rd2 Rh6 
38. Rd7+ Kf6 39. Rdd6 Rxh3+ 40. Kg2 Re3 41. Rd4 Rxd4 42. cxd4 Rd3 43. Rb4 a5 
44. Ra4 Rd2+ 45. Kg3 Rxb2 46. Rxa5 Rb4 47. d5 e5 48. h4 Rb3+ 49. Kf2 Rb2+ 
50. Kf1 f4 51. h5 Rh2 52. h6 Kf5 53. Ra6 Ke4 54. d6 Rxh6 55. d7 Rh8 56. Rd6 Rd8 
57. Kf2 Kf5 58. Kf3 e4+ 59. Kf2 Ke5 60. Rd1 e3+ 61. Kf3 Ke6 62. Kxf4 Rxd7 
63. Re1 
1/2-1/2

[Event "34th Chess Olympiad (women)"]
[Site "Istanbul"]
[Date "2000.11.02"]
[Round "6.3.1"]
[White "Galliamova, Alisa"]
[Black "Zhukova, Natalia"]
[WhiteElo "2526"]
[BlackElo "2450"]
[WhiteCountry "RUS"]
[BlackCountry "UKR"]
[Result "1/2-1/2"]

1. e4 e6 2. d4 d5 3. Nc3 Nf6 4. Bg5 Be7 5. e5 Nfd7 6. Bxe7 Qxe7 7. f4 O-O 
8. Nf3 c5 9. dxc5 Nc6 10. Bd3 f5 11. exf6ep Qxf6 12. g3 Nxc5 13. O-O Bd7 
14. Qd2 Nxd3 15. cxd3 d4 16. Ne4 Qf5 17. Rac1 b6 18. b4 Qd5 19. Qb2 a5 
20. bxa5 Rxa5 21. Rc4 e5 22. Nxe5 Nxe5 23. fxe5 Rxf1+ 24. Kxf1 Qxe5 25. Kg1 Be6 
26. Rc1 Rxa2 27. Qxb6 Ra8 28. Qd6 Qxd6 29. Nxd6 Rd8 30. Rc6 Bd5 31. Rc8 Rxc8 
32. Nxc8 Kf7 33. Nb6 Bc6 34. Kf2 Ke6 35. Nc4 Kd5 36. Nd2 Bd7 37. Ke2 Bg4+ 
38. Kf2 Bf5 39. Ke2 Bg4+ 
1/2-1/2

[Event "34th Chess Olympiad (women)"]
[Site "Istanbul"]
[Date "2000.11.02"]
[Round "6.3.2"]
[White "Vasilevich, Tatjana"]
[Black "Kovalevskaya, Ekaterina"]
[WhiteElo "2429"]
[BlackElo "2475"]
[WhiteCountry "UKR"]
[BlackCountry "RUS"]
[Result "1-0"]

1. d4 d5 2. c4 c6 3. Nc3 Nf6 4. e3 e6 5. Qc2 Nbd7 6. Bd2 a6 7. Nf3 Bd6 
8. Bd3 dxc4 9. Bxc4 O-O 10. O-O b5 11. Be2 Bb7 12. e4 e5 13. dxe5 Nxe5 
14. Bg5 h6 15. Bh4 Ng6 16. Bg3 Bxg3 17. hxg3 Qe7 18. Rfe1 c5 19. e5 Nxe5 
20. Nxe5 Qxe5 21. Bxb5 Qg5 22. Be2 h5 23. Qc1 Qg6 24. Qf4 Rad8 25. Rad1 Qc2 
26. Rxd8 Rxd8 27. Qc7 Rd7 28. Qxc5 Qxb2 29. Rb1 Qd2 30. Rxb7 Rxb7 31. Qc8+ Kh7 
32. Qxb7 Qxc3 33. Qxa6 Qe1+ 34. Bf1 Ng4 35. Qe2 Qa1 36. Qc4 Qf6 37. Qf4 Qe7 
38. a4 g5 39. Qf5+ Kg7 40. a5 Nh6 41. Qd3 h4 42. a6 hxg3 43. Qxg3 Nf5 44. Qb8 
1-0

[Event "34th Chess Olympiad (women)"]
[Site "Istanbul"]
[Date "2000.11.02"]
[Round "6.3.3"]
[White "Matveeva, Svetlana"]
[Black "Sedina, Elena"]
[WhiteElo "2440"]
[BlackElo "2405"]
[WhiteCountry "RUS"]
[BlackCountry "UKR"]
[Result "1-0"]

1. d4 Nf6 2. c4 c5 3. d5 b5 4. Nf3 g6 5. Qc2 d6 6. e4 Bg7 7. cxb5 a6 8. a4 O-O 
9. Na3 e6 10. dxe6 Bxe6 11. Be2 axb5 12. axb5 Re8 13. O-O Bg4 14. h3 Bc8 
15. Bg5 Bb7 16. Bd3 h6 17. Bxf6 Qxf6 18. Nc4 Nd7 19. Rxa8 Bxa8 20. Ra1 d5 
21. exd5 Bxd5 22. Re1 Rxe1+ 23. Nxe1 Qe6 24. Kf1 Bd4 25. b3 Nf6 26. Qe2 Qd7 
27. Nb6 Qd6 28. Nxd5 Nxd5 29. Bc4 Nf6 30. Nf3 Kg7 31. g3 Bc3 32. Kg2 Kf8 
33. Qe3 Bd4 34. Qxh6+ Ke8 35. Qh8+ Ke7 36. Qg7 Nd5 37. Nxd4 cxd4 38. Qxd4 
1-0

[Event "34th Chess Olympiad (women)"]
[Site "Istanbul"]
[Date "2000.11.02"]
[Round "6.4.1"]
[White "Hunt, Harriet"]
[Black "Maric, Alisa"]
[WhiteElo "2454"]
[BlackElo "2435"]
[WhiteCountry "ENG"]
[BlackCountry "YUG"]
[Result "1/2-1/2"]

1. e4 e6 2. d4 d5 3. Nd2 c5 4. exd5 Qxd5 5. Ngf3 cxd4 6. Bc4 Qd6 7. O-O Nf6 
8. Nb3 Nc6 9. Nbxd4 Nxd4 10. Nxd4 a6 11. a4 Qc7 12. b3 Bd6 13. h3 O-O 
14. Bb2 e5 15. Ne2 Bf5 16. Ng3 Bg6 17. Qe2 Rfe8 18. Rad1 Bb4 19. h4 h5 
20. Qe3 Kf8 21. Be2 Rac8 22. c4 Re6 23. Rd5 Nxd5 24. cxd5 Ree8 25. Bxh5 Bxh5 
26. Nxh5 Qe7 27. Qe4 g6 28. Nf6 Qxf6 29. Qxb4+ Kg8 30. g3 Rc2 31. Bc1 Qf3 
32. Qxb7 Rd8 33. Qxa6 Qxd5 34. Qb6 Rc6 35. Qb4 Rdc8 36. Bh6 Rc3 37. Qe7 Kh7 
38. Be3 Rxb3 39. h5 gxh5 40. Qg5 Rc6 41. Qxh5+ Kg7 42. Bf4 Rd3 43. Qxe5+ 
1/2-1/2

[Event "34th Chess Olympiad (women)"]
[Site "Istanbul"]
[Date "2000.11.02"]
[Round "6.4.2"]
[White "Bojkovic, Natasa"]
[Black "Lalic, Susan"]
[WhiteElo "2429"]
[BlackElo "2315"]
[WhiteCountry "YUG"]
[BlackCountry "ENG"]
[Result "1/2-1/2"]

1. e4 e6 2. d4 d5 3. Nd2 c5 4. exd5 exd5 5. Ngf3 Nf6 6. Bb5+ Bd7 7. Bxd7+ Nbxd7 
8. O-O Be7 9. dxc5 Nxc5 10. Nb3 Nce4 11. Nbd4 O-O 12. Nf5 Bc5 13. Be3 Re8 
14. Bxc5 Nxc5 15. Qd4 b6 16. Rad1 Qd7 17. Ne3 Rad8 18. c3 h6 19. h3 Re4 
20. Qd2 Ne6 21. Nf5 Nc5 22. Ng3 Re7 23. Qf4 Qc7 24. Qxc7 Rxc7 25. Rfe1 g6 
26. Nd4 a6 27. f3 b5 28. Nf1 Na4 29. Rd2 Rb8 30. Ne3 a5 31. Nb3 b4 
32. cxb4 axb4 33. Ree2 Nb6 34. Rd4 Re8 35. Rxb4 Nc4 36. Nxd5 Rxe2 37. Nxc7 Ne3 
38. g4 Rg2+ 39. Kh1 Rxb2 40. Rb8+ 
1/2-1/2

[Event "34th Chess Olympiad (women)"]
[Site "Istanbul"]
[Date "2000.11.02"]
[Round "6.4.3"]
[White "Houska, Jovanka"]
[Black "Chelushkina, Irina"]
[WhiteElo "2279"]
[BlackElo "2410"]
[WhiteCountry "ENG"]
[BlackCountry "YUG"]
[Result "1-0"]

1. e4 c5 2. Nc3 g6 3. g3 Bg7 4. Bg2 Nc6 5. d3 Rb8 6. Be3 b5 7. Qd2 b4 8. Nd1 d6 
9. Ne2 Qb6 10. O-O a5 11. f4 Nh6 12. h3 f5 13. Bf2 Nf7 14. Ne3 Nd4 
15. exf5 gxf5 16. c3 bxc3 17. bxc3 Qb2 18. Qxb2 Rxb2 19. Nxd4 cxd4 20. Nc4 dxc3 
21. Nxb2 cxb2 22. Rab1 a4 23. a3 Bc3 24. Rfc1 bxc1Q+ 25. Rxc1 Bd7 26. Rxc3 Nd8 
27. Rc7 Rg8 28. Bf3 Ne6 29. Bh5+ Kd8 30. Rc2 Nc5 31. d4 Ne4 32. Be1 e6 
33. g4 Be8 34. Ba5+ Ke7 35. Rc7+ Bd7 36. Be1 d5 37. Bb4+ Kd8 38. Ra7 fxg4 
39. Ra8+ Bc8 40. Bf7 Rg7 41. Bxe6 gxh3+ 42. Kh2 Rc7 
1-0

[Event "34th Chess Olympiad (women)"]
[Site "Istanbul"]
[Date "2000.11.02"]
[Round "6.5.3"]
[White "Dworakowska, Joanna"]
[Black "Gara, Anita"]
[WhiteElo "2371"]
[BlackElo "2291"]
[WhiteCountry "POL"]
[BlackCountry "HUN"]
[Result "1/2-1/2"]

1. e4 c5 2. Nf3 Nc6 3. d4 cxd4 4. Nxd4 Nf6 5. Nc3 e5 6. Ndb5 d6 7. Bg5 a6 
8. Na3 b5 9. Bxf6 gxf6 10. Nd5 f5 11. c3 Bg7 12. exf5 Bxf5 13. Nc2 O-O 
14. Nce3 Bd7 15. Bd3 f5 16. Bc2 e4 17. f4 exf3ep 18. Qxf3 Qg5 19. O-O Rae8 
20. Rae1 Kh8 21. Nf4 b4 22. Ned5 bxc3 23. Rxe8 Rxe8 24. bxc3 Ne5 25. Qh5 Qxh5 
26. Nxh5 Bb5 27. Nc7 Rc8 28. Nxb5 axb5 29. Rb1 Rxc3 30. Rxb5 Nc6 31. Nxg7 Rxc2 
32. Nxf5 Rxa2 33. Rd5 Ra5 34. Rxd6 Rxf5 35. Rxc6 Kg7 36. g3 Ra5 37. Kg2 Ra2+ 
38. Kh3 h5 39. Kh4 Rxh2+ 40. Kg5 h4 41. Rc7+ Kf8 42. g4 h3 43. Kg6 Rg2 
44. g5 h2 45. Rc8+ Ke7 46. Rh8 Ke6 47. Rh5 Ke7 48. Rh8 Ke6 49. Rh7 Ke5 50. Rh4 
1/2-1/2

[Event "34th Chess Olympiad (women)"]
[Site "Istanbul"]
[Date "2000.11.02"]
[Round "6.6.1"]
[White "Uskova, Fliura"]
[Black "Skripchenko-Lautier, Almira"]
[WhiteElo "2285"]
[BlackElo "2450"]
[WhiteCountry "KAZ"]
[BlackCountry "MDA"]
[Result "0-1"]

1. Nf3 c5 2. g3 Nc6 3. Bg2 g6 4. c3 e5 5. e4 Bg7 6. d3 d6 7. Nbd2 Nge7 
8. O-O O-O 9. a3 h6 10. b4 Be6 11. Rb1 Qd7 12. Nb3 c4 13. dxc4 Bxc4 
14. Re1 Rfd8 15. Bb2 f5 16. Nfd2 Be6 17. c4 Rac8 18. Rc1 b6 19. Qe2 Bf7 
20. Red1 Qe8 21. Nf1 fxe4 22. b5 Nb8 23. Bxe4 Nf5 24. a4 Nd7 25. g4 Nd4 
26. Nxd4 exd4 27. Bxd4 Bxd4 28. Rxd4 d5 29. Bd3 Ne5 30. Ne3 dxc4 31. Rxd8 Rxd8 
32. Bb1 Rd4 33. h3 Qa8 34. Rd1 Nf3+ 35. Kf1 c3 36. Bc2 Rd2 37. Rxd2 Nxd2+ 
38. Kg1 Nf3+ 39. Kf1 Nd4 
0-1

[Event "34th Chess Olympiad (women)"]
[Site "Istanbul"]
[Date "2000.11.02"]
[Round "6.6.2"]
[White "Sheremetieva, Marina"]
[Black "Klink, Tamara"]
[WhiteElo "2340"]
[BlackElo "2336"]
[WhiteCountry "MDA"]
[BlackCountry "KAZ"]
[Result "1-0"]

1. e4 c5 2. Nf3 Nc6 3. Bb5 g6 4. Bxc6 bxc6 5. O-O Bg7 6. Re1 Nh6 7. c3 f6 
8. d4 cxd4 9. cxd4 Nf7 10. Qa4 O-O 11. Na3 Qc7 12. Bd2 d6 13. Rac1 Bd7 
14. Nc4 Rfc8 15. b4 e5 16. Qb3 Qb8 17. Na5 Qb5 18. Rc2 Bf8 19. a4 Qa6 
20. Rec1 Rab8 21. Qc4 Qxc4 22. Rxc4 exd4 23. Nxc6 Bxc6 24. Rxc6 Rxc6 
25. Rxc6 Ne5 26. Nxe5 dxe5 27. b5 Rb7 28. Rxf6 d3 29. Rc6 Rd7 30. Rc4 Ba3 
31. Kf1 Bb2 32. Ke1 Kf7 33. Be3 Ba3 34. Kd2 Ke8 35. a5 Kd8 36. a6 
1-0

[Event "34th Chess Olympiad (women)"]
[Site "Istanbul"]
[Date "2000.11.02"]
[Round "6.7.1"]
[White "Voiska, Margarita"]
[Black "Vo, Hong Phuong"]
[WhiteElo "2330"]
[BlackElo "2261"]
[WhiteCountry "BUL"]
[BlackCountry "VIE"]
[Result "0-1"]

1. c4 e5 2. g3 Nf6 3. Bg2 Nc6 4. Nc3 Bb4 5. d3 O-O 6. Bd2 Re8 7. e4 a5 
8. Nge2 h6 9. h3 d6 10. O-O Bc5 11. Kh2 Nd4 12. Nxd4 Bxd4 13. Rb1 c6 14. f4 Rb8 
15. Qf3 b5 16. cxb5 cxb5 17. Ne2 d5 18. exd5 Bb7 19. Nxd4 exd4 20. Qf2 Bxd5 
21. Rfe1 b4 22. Re5 Rc8 23. Bxd5 Nxd5 24. Rxe8+ Qxe8 25. Rc1 Rxc1 26. Bxc1 Qc6 
27. Qe1 f5 28. Kg1 Nc7 29. Qd1 Ne6 30. Bd2 Nc5 31. Be1 Qa4 32. Qc1 Qb5 
33. Bf2 Nxd3 34. Qc8+ Kh7 35. Bxd4 Qd5 36. Be5 Qe4 37. Qc2 Qe1+ 38. Kh2 Nxe5 
39. fxe5 Qxe5 40. a3 bxa3 41. bxa3 Qe4 42. Qd2 a4 43. h4 Qe6 44. Qc2 Qd7 
45. Qe2 g6 46. Qe3 Qf7 47. Qf4 Qa2+ 48. Kh3 Qxa3 49. Qc7+ Kg8 50. Qc4+ Kg7 
51. Qd4+ Kf7 52. Qd5+ Ke7 53. Qe5+ Kd7 54. Qg7+ Kc6 55. Qxg6+ Qd6 56. Qe8+ Qd7 
57. Qg6+ Kb5 58. Qxh6 Qc6 
0-1

[Event "34th Chess Olympiad (women)"]
[Site "Istanbul"]
[Date "2000.11.02"]
[Round "6.7.2"]
[White "Le, Kieu Thien Kim"]
[Black "Velcheva, Maria"]
[WhiteElo "2331"]
[BlackElo "2302"]
[WhiteCountry "VIE"]
[BlackCountry "BUL"]
[Result "1/2-1/2"]

1. d4 d5 2. Nf3 e6 3. e3 Nf6 4. Bd3 b6 5. b3 Bb7 6. Bb2 Nbd7 7. Nbd2 Ne4 
8. O-O Bb4 9. c4 O-O 10. a3 Bd6 11. Qc2 f5 12. Ne5 Nxd2 13. Qxd2 Bxe5 
14. dxe5 Nc5 15. Qc2 Nxd3 16. Qxd3 Qg5 17. Qe2 dxc4 18. f4 Qe7 19. Qxc4 Rfd8 
20. Rfd1 Rd7 21. b4 Rad8 22. Rxd7 Qxd7 23. Bd4 Rc8 24. Rc1 Kf7 25. h3 g6 
26. Kh2 Qd5 27. Qxd5 Bxd5 28. g4 c6 29. Kg3 Be4 30. Kh4 Rb8 31. Rc3 Bd5 
32. Rc1 Be4 33. Rc3 Bd5 34. Rc1 
1/2-1/2

[Event "34th Chess Olympiad (women)"]
[Site "Istanbul"]
[Date "2000.11.02"]
[Round "6.7.3"]
[White "Aleksieva, Silvia"]
[Black "Nguyen, Thi"]
[WhiteElo "2351"]
[BlackElo "2281"]
[WhiteCountry "BUL"]
[BlackCountry "VIE"]
[Result "0-1"]

1. e4 c5 2. Nf3 d6 3. d4 cxd4 4. Nxd4 Nf6 5. Nc3 a6 6. a4 g6 7. g3 Bg7 
8. Bg2 O-O 9. O-O Nbd7 10. h3 Qc7 11. Nd5 Nxd5 12. exd5 Qb6 13. Nb3 Qc7 
14. a5 Ne5 15. Re1 Re8 16. Kh2 Bd7 17. f4 Nc4 18. Ra2 Rac8 19. Re2 e5 
20. dxe6ep Bxe6 21. Qe1 Bd7 22. c3 Rxe2 23. Qxe2 Re8 24. Qf2 Bc6 25. Bf1 d5 
26. Ra1 h5 27. h4 Nd6 28. Be3 Ne4 29. Qg1 Nf6 30. Bh3 Bd7 31. Re1 Bxh3 
32. Kxh3 Qd7+ 33. Kg2 Qb5 34. Nc5 Qxb2+ 35. Qf2 Qxc3 36. Bd2 Qc4 37. Rxe8+ Nxe8 
38. Nxb7 d4 39. f5 Nf6 40. fxg6 fxg6 41. Bg5 Ng4 42. Qf3 d3 43. Bd2 Ne5 
44. Nd6 Nxf3 45. Nxc4 Nxd2 46. Nxd2 Bc3 47. Ne4 Bxa5 48. Kf3 Bb4 49. g4 hxg4+ 
50. Kxg4 d2 51. Nf2 a5 
0-1

[Event "34th Chess Olympiad (women)"]
[Site "Istanbul"]
[Date "2000.11.02"]
[Round "6.8.1"]
[White "Calzetta, Monica"]
[Black "Kachiani-Gersinska, Ketino"]
[WhiteElo "2282"]
[BlackElo "2448"]
[WhiteCountry "ESP"]
[BlackCountry "GER"]
[Result "1-0"]

1. e4 c6 2. d4 d5 3. exd5 cxd5 4. c4 Nf6 5. Nc3 e6 6. Nf3 Bb4 7. cxd5 Nxd5 
8. Qc2 Nc6 9. Bd3 Ba5 10. a3 Nxc3 11. bxc3 Nxd4 12. Nxd4 Qxd4 13. Bb5+ Bd7 
14. O-O Qd5 15. c4 Qf5 16. Bxd7+ Kxd7 17. Qb2 b6 18. a4 Rhd8 19. Ra3 f6 
20. Rg3 g6 21. Rh3 h5 22. c5 e5 23. Qb3 Qe6 24. Qd3+ Kc7 25. Qc2 Kb7 
26. Qxg6 Rd4 27. Rxh5 Rg8 28. Rxe5 Qc8 29. Re7+ Ka8 30. Rg7 Rxg7 31. Qxg7 Rg4 
32. Qxf6 Rc4 33. Qf3+ Qb7 34. Qf8+ Qb8 35. Qf3+ Qb7 36. Qf8+ Qb8 37. Qxb8+ Kxb8 
38. cxb6 axb6 39. f4 Rxa4 40. f5 Bb4 41. Be3 b5 42. Rb1 Kc7 43. f6 Kc6 
44. Rxb4 Kd5 
1-0

[Event "34th Chess Olympiad (women)"]
[Site "Istanbul"]
[Date "2000.11.02"]
[Round "6.8.2"]
[White "Paehtz, Elisabeth"]
[Black "Nieves, Garcia"]
[WhiteElo "2343"]
[BlackElo "2000"]
[WhiteCountry "GER"]
[BlackCountry "ESP"]
[Result "1/2-1/2"]

1. e4 e5 2. Nf3 Nc6 3. Bb5 Nf6 4. Qe2 Bc5 5. d3 Nd4 6. Nxd4 Bxd4 7. c3 Bb6 
8. Nd2 c6 9. Ba4 d5 10. Nf3 dxe4 11. dxe4 Qe7 12. Bg5 h6 13. Bh4 Bd7 
14. Bg3 Bc7 15. Nd2 Bg4 16. f3 Be6 17. Bf2 Nd7 18. Bc2 Bb6 19. Nf1 Bxf2+ 
20. Qxf2 Qc5 21. Qxc5 Nxc5 22. Ne3 O-O-O 23. Ke2 a5 24. b4 axb4 25. cxb4 Na6 
26. a3 Nc7 27. Bd3 Rd4 28. Rab1 Rhd8 29. Rhd1 f6 30. a4 R8d6 31. Bc4 Bxc4+ 
32. Nxc4 Rxd1 33. Rxd1 Rxd1 34. Kxd1 Kd7 35. Nb6+ Kd6 36. Nc4+ Kd7 37. Nb6+ Kd6 
38. Nc4+ 
1/2-1/2

[Event "34th Chess Olympiad (women)"]
[Site "Istanbul"]
[Date "2000.11.02"]
[Round "6.8.3"]
[White "Timon, Piote Silvia"]
[Black "Koglin, Anke"]
[WhiteElo "2246"]
[BlackElo "2302"]
[WhiteCountry "ESP"]
[BlackCountry "GER"]
[Result "0-1"]

1. d4 d5 2. c4 e6 3. Nf3 Nf6 4. Nc3 Be7 5. Bf4 O-O 6. e3 c5 7. dxc5 Bxc5 
8. cxd5 Nxd5 9. Nxd5 exd5 10. a3 Nc6 11. Bd3 Bb6 12. O-O Qf6 13. b4 Bf5 
14. b5 Nd4 15. Nxd4 Bxd4 16. Rc1 Bb6 17. Bxf5 Qxf5 18. Bc7 Rfc8 19. Bxb6 axb6 
20. Qd4 Qe6 21. h3 h6 22. a4 Rc4 23. Qd3 Raxa4 24. Rfd1 Rxc1 25. Rxc1 Rc4 
26. Ra1 Rc8 27. Rd1 Rc5 28. Ra1 Qe4 29. Ra8+ Kh7 30. Qxe4+ dxe4 31. Rb8 Rxb5 
32. Rxb7 Kg6 33. Kh2 Kf6 34. Kg3 g5 35. h4 Ke6 36. hxg5 hxg5 37. Kg4 Kf6 
38. Rc7 Rc5 39. Rb7 Rc6 40. Rb8 Rd6 41. f3 exf3 42. gxf3 Re6 43. e4 Rc6 
44. Rb7 Kg6 45. Rb8 f6 46. Rb7 Re6 47. Rb8 Rd6 48. Rb7 Rc6 49. Rb8 Kf7 
50. Rb7+ Ke6 51. Rb8 Ke5 52. Rb7 Kd4 53. Rd7+ Kc4 54. Rd1 Kb3 55. Rd5 Kb4 
56. e5 Rc4+ 57. Kh5 fxe5 58. Rxe5 Rf4 59. Re4+ Kc5 60. Rxf4 gxf4 61. Kg5 Kd4 
62. Kxf4 b5 63. Kg5 b4 64. f4 b3 65. f5 b2 66. f6 b1Q 67. f7 Qb8 
0-1

[Event "34th Chess Olympiad (women)"]
[Site "Istanbul"]
[Date "2000.11.02"]
[Round "6.9.1"]
[White "Klinova, Masha"]
[Black "Moser, Eva"]
[WhiteElo "2350"]
[BlackElo "2332"]
[WhiteCountry "ISR"]
[BlackCountry "AUT"]
[Result "1-0"]

1. e4 d6 2. d4 Nf6 3. Nc3 e5 4. dxe5 dxe5 5. Qxd8+ Kxd8 6. Bc4 Be6 7. Bxe6 fxe6
8. f3 Bc5 9. Na4 Bd6 10. Be3 Ke7 11. O-O-O b5 12. Nc5 Nbd7 13. Nxd7 Nxd7 14. h4
h6 15. Ne2 Nb6 16. h5 Rhd8 17. Rhf1 Nc4 18. Bf2 Ke8 19. Rd3 a6 20. Rfd1 Be7 21.
g3 Bg5+ 22. f4 Bf6 23. b3 Nd6 24. fxe5 Bxe5 25. Bd4 Nf7 26. c3 Bxd4 27. cxd4
Ng5 28. Nf4 Rd7 29. d5 Rad8 30. Re1 exd5 31. exd5+ Re7 32. Rxe7+ Kxe7 33. Rc3
Rd7 34. Rc6 a5 35. Ra6 Rd6 36. Rxa5 c6 37. dxc6 Rxc6+ 38. Kb2 Rc5 39. Ra7+ Kf6
40. Ra6+ Kf5 41. Rg6 Rc7 42. Rb6 Rc5 43. Rb7 Kg4 44. Rxg7 Re5 45. Rg6 Kxg3 46.
Nd3 Re3 47. Kc3 Kf3 48. Kd4 Ne6+ 49. Kd5 Rxd3+ 50. Kxe6 Rd2 51. Rxh6 Rxa2 52.
Rg6 Kf4 53. Rf6+ Ke4 54. h6 b4 55. Kf7 Ke5 56. Kg7 Rh2 57. Rg6 Ra2 58. h7 Kd5
1-0

[Event "34th Chess Olympiad (women)"]
[Site "Istanbul"]
[Date "2000.11.02"]
[Round "6.9.2"]
[White "Mira, Helene"]
[Black "Pitam, Ela"]
[WhiteElo "2118"]
[BlackElo "2323"]
[WhiteCountry "AUT"]
[BlackCountry "ISR"]
[Result "1/2-1/2"]

1. d4 d5 2. c4 e6 3. Nf3 c6 4. e3 Nf6 5. Nbd2 Nbd7 6. Bd3 Be7 7. O-O b6 8. e4
dxe4 9. Nxe4 Bb7 10. Bf4 Nxe4 11. Bxe4 Nf6 12. Bc2 O-O 13. Qe2 c5 14. dxc5 bxc5
15. Rad1 Qb6 16. Rd2 Rad8 17. Rfd1 Qc6 18. Rxd8 Rxd8 19. Rxd8+ Bxd8 20. Qe5 Nd7
21. Qd6 Bf6 22. Qxc6 Bxc6 23. b3 Bxf3 24. gxf3 Be5 25. Be3 f5 26. b4 cxb4 27.
Bxa7 Bd6 28. Bd4 Bc5 29. Ba4 Bxd4 30. Bxd7 Kf7 31. f4 Bc5 32. Kg2 Kf6 33. h3 e5
34. fxe5+ Kxe5 35. Kf3 g5 36. Kg2 Kf4 37. f3 h6 38. Be8 Ke3 39. Bd7 f4 40. Ba4
Kd3 41. Kf1 h5 42. Bd1 Ke3 43. Ke1 Kd3 44. Bb3 Kc3 45. Ke2 1/2-1/2

[Event "34th Chess Olympiad (women)"]
[Site "Istanbul"]
[Date "2000.11.02"]
[Round "6.9.3"]
[White "Tsifanskaya, Ludmila A"]
[Black "Krasser, Margit"]
[WhiteElo "2220"]
[BlackElo "2061"]
[WhiteCountry "ISR"]
[BlackCountry "AUT"]
[Result "1/2-1/2"]

1. g3 d5 2. Bg2 Nf6 3. d3 c6 4. Nd2 g6 5. Ngf3 Bg7 6. O-O O-O 7. Re1 Nbd7 8. e4
dxe4 9. dxe4 Qb6 10. h3 Nh5 11. Nc4 Qc5 12. Qd3 b5 13. Ne3 Qb6 14. Nf1 Nc5 15.
Qe2 Na4 16. e5 Bh8 17. Be3 Qc7 18. g4 Ng7 19. c4 Ba6 20. Nd4 Rac8 21. Nxc6 bxc4
22. Qc2 Nb6 23. a4 Bb7 24. a5 Bxc6 25. axb6 axb6 26. Bxc6 Qxc6 27. Ra6 Rb8 28.
Nd2 Rfc8 29. Ra7 Rb7 30. Rea1 Ne6 31. R1a6 Rxa7 32. Rxa7 Bxe5 33. Rxe7 Ra8 34.
Qe4 Qxe4 35. Nxe4 Kf8 36. Rb7 Bxb2 37. Rxb6 Bd4 38. Bh6+ Bg7 39. Bd2 Nd4 40.
Bb4+ Kg8 41. Kg2 Be5 42. Nf6+ Bxf6 43. Rxf6 Rc8 44. Rd6 Ne2 45. Kf3 Rb8 46. Bd2
Re8 47. Be3 Ng1+ 48. Kg2 Ne2 49. Kf3 Ng1+ 50. Kg2 1/2-1/2

[Event "34th Chess Olympiad (women)"]
[Site "Istanbul"]
[Date "2000.11.02"]
[Round "6.10.1"]
[White "Fierro, Martha"]
[Black "Jackova, Jana"]
[WhiteElo "2338"]
[BlackElo "2358"]
[WhiteCountry "ECU"]
[BlackCountry "CZE"]
[Result "0-1"]

1. e4 e5 2. Nf3 Nc6 3. Bb5 a6 4. Ba4 Nf6 5. Qe2 b5 6. Bb3 Be7 7. d3 d6 
8. c3 O-O 9. O-O Na5 10. Bc2 c5 11. Re1 h6 12. Nbd2 Re8 13. Nf1 Bf8 14. Ne3 Bb7 
15. Bd2 Qc7 16. b4 Nc6 17. Bb3 Ne7 18. a4 Ng6 19. c4 bxc4 20. Bxc4 cxb4 
21. a5 Nf4 22. Qd1 d5 23. exd5 N6xd5 24. Qb3 Nc3 25. Nh4 Nce2+ 26. Kf1 Nd4 
27. Qd1 Qd7 28. Qg4 Qxg4 29. Nxg4 Nc2 30. Bxf4 Nxe1 31. Nxe5 Nc2 32. Nxf7 Kh7 
33. Rc1 Na3 34. Bb3 Rac8 35. Rxc8 Rxc8 36. Bd2 Nb5 37. Ne5 Nd4 38. Bf7 g5 
0-1

[Event "34th Chess Olympiad (women)"]
[Site "Istanbul"]
[Date "2000.11.02"]
[Round "6.10.3"]
[White "Vasquez, Rocio"]
[Black "Sikorova, Olga"]
[WhiteElo "2235"]
[BlackElo "2203"]
[WhiteCountry "ECU"]
[BlackCountry "CZE"]
[Result "1/2-1/2"]

1. e4 c5 2. Nf3 Nf6 3. Nc3 Nc6 4. d4 d5 5. exd5 Nxd5 6. Bc4 Nxc3 7. bxc3 e6 
8. O-O Be7 9. Bf4 O-O 10. Ne5 cxd4 11. Nxc6 bxc6 12. cxd4 Bd6 13. Qf3 Bb7 
14. Rab1 Rb8 15. Qg3 Bxf4 16. Qxf4 Ba8 17. Qe5 Rb6 18. Rb3 Qb8 
1/2-1/2

[Event "34th Chess Olympiad (women)"]
[Site "Istanbul"]
[Date "2000.11.02"]
[Round "6.11.1"]
[White "Cmilyte, Viktorija"]
[Black "Babaeva, Fanara"]
[WhiteElo "2335"]
[BlackElo "2257"]
[WhiteCountry "LTU"]
[BlackCountry "AZE"]
[Result "1-0"]

1. d4 d5 2. c4 e6 3. Nf3 Nf6 4. Nc3 Be7 5. Bg5 O-O 6. e3 h6 7. Bh4 b6 
8. Qb3 Bb7 9. Bxf6 Bxf6 10. cxd5 exd5 11. Rd1 c6 12. Bd3 Re8 13. O-O Nd7 
14. Rfe1 Nf8 15. e4 Ne6 16. e5 Be7 17. Bb1 Bf8 18. Ne2 g6 19. g3 Qe7 
20. Nf4 Nxf4 21. gxf4 c5 22. f5 gxf5 23. Bxf5 Bg7 24. Kh1 Kf8 25. Bb1 Qe6 
26. Qd3 Qg6 27. Qxg6 fxg6 28. Bxg6 Rec8 29. Nh4 Rc6 30. f4 cxd4 31. Bd3 Re6 
32. f5 Rc6 33. e6 Bf6 34. Ng6+ Kg7 35. Nf4 Bg5 36. Nh5+ Kf8 37. f6 Re8 
38. e7+ Kf7 39. Ng7 Rxf6 40. Nxe8 Kxe8 41. Bb5+ Bc6 42. Bxc6+ Rxc6 43. Rxd4 Rd6 
44. Red1 Bxe7 45. Rxd5 Re6 46. R1d2 a5 47. Kg2 Re3 48. b3 Re6 49. Kf3 
1-0

[Event "34th Chess Olympiad (women)"]
[Site "Istanbul"]
[Date "2000.11.02"]
[Round "6.11.2"]
[White "Alieva, Elmira"]
[Black "Domarkaite, Laima"]
[WhiteElo "2240"]
[BlackElo "2187"]
[WhiteCountry "AZE"]
[BlackCountry "LTU"]
[Result "1/2-1/2"]

1. d4 Nf6 2. Nf3 e6 3. c4 Bb4+ 4. Nbd2 b6 5. a3 Bxd2+ 6. Qxd2 Bb7 7. g3 O-O 
8. Bg2 Be4 9. O-O d6 10. b4 Nbd7 11. Bb2 Qe7 12. Rfd1 Rfd8 13. Qc3 Rac8 
14. Rac1 c5 15. dxc5 dxc5 16. b5 Ne8 17. Qe3 Ba8 18. Qf4 f6 19. Bh3 Nf8 
20. Qe3 Kf7 21. Ne1 Rxd1 22. Rxd1 Rd8 23. Rxd8 Qxd8 24. Bg2 Bxg2 25. Kxg2 Nd6 
26. Qd3 Ke7 27. Bc1 Qa8+ 28. f3 a6 29. Nc2 axb5 30. cxb5 Qa4 31. Ne3 Qxb5 
32. Qc2 g6 33. Bb2 Nd7 34. h4 c4 35. h5 Qb3 36. Qd2 Nf5 37. Nxf5+ gxf5 
38. Bc3 Nc5 39. Bb4 f4 40. Qxf4 Qc2 41. Qc7+ Ke8 42. Qc8+ Kf7 43. Qc7+ Ke8 
44. Qc8+ 
1/2-1/2

[Event "34th Chess Olympiad (women)"]
[Site "Istanbul"]
[Date "2000.11.02"]
[Round "6.11.3"]
[White "Batyte, Daiva"]
[Black "Mammadyarova, Zaynab"]
[WhiteElo "2164"]
[BlackElo "2173"]
[WhiteCountry "LTU"]
[BlackCountry "AZE"]
[Result "0-1"]

1. e4 e5 2. Nf3 Nc6 3. d4 exd4 4. Nxd4 Qf6 5. Nf3 Bc5 6. Nc3 Nge7 7. Bg5 Qe6 
8. Bd3 O-O 9. O-O Ne5 10. Be2 c6 11. Nd4 Qd6 12. Be3 f6 13. f4 Nf7 14. Bc4 b5 
15. Bb3 Bb6 16. Kh1 Kh8 17. e5 fxe5 18. Ne4 Qh6 19. Ng5 exd4 20. Nxf7+ Rxf7 
21. Bxf7 dxe3 22. f5 d5 23. Qg4 Bc7 24. h3 Qd6 25. g3 Bxf5 26. Qf4 Qxf4 
27. gxf4 g6 28. Rae1 Bb6 29. a4 Kg7 30. axb5 Kxf7 31. bxc6 Nxc6 32. Kh2 Nb4 
33. c3 Nc2 
0-1